Leucate - Choix multiples - Statistiques

Statistiques générales
  • Ce quiz a été pris 21 fois
  • Le résultat moyen est 4 sur 10
Statistiques - réponses
Question Réponse % Correct
Dans quel massif montagneux la commune se situe-t-elle ? Les Corbières
79%
Pour la culture de quel fruit de mer l'étang de Leucate est-il célèbre ? L'huître
68%
Quelle langue parle-t-on historiquement à Leucate ? L'occitan
58%
Quel nom porte la grotte située non loin des rives de l'étang de Leucate ? La grotte des Fées
42%
Quel peuple fut le premier à s'établir sur le territoire de la commune et lui donna son nom signifiant "blancheur" ? Les Grecs
42%
Laquelle de ces photographies représente la falaise de Leucate ?
37%
Sous l'impulsion de quel chef d'Etat Port Leucate a-t-il été construit ? Charles de Gaulle
37%
Quelle est la particularité de l'île de la Corrège ? Elle abrite un village naturiste.
32%
En quoi consiste le Mondial du vent, organisé à La Franqui chaque année depuis 1996 ? Une série d'épreuves de sports de glisse
26%
Que ne trouve-t-on PAS au sommet de la falaise de Leucate ? Un observatoire astronomique
21%
Aucun quiz correspondant
Distribution des résultats
% des personnes avec chaque résultat
Percentile par nombre de réponses
Votre historique - résultats
Vous n’avez pas pris ce quiz